header

Petroleum accumulation zones on continental margins (Record no. 54886)

MARC details
000 -LEADER
fixed length control field 01202nam a2200301 a 4500
245 00 - TITLE STATEMENT
Title Petroleum accumulation zones on continental margins
260 ## - PUBLICATION, DISTRIBUTION, ETC. (IMPRINT)
Place of publication Beverly, Mass. :
Name of publisher Scrivener ;
Place of publication Hoboken, N.J. :
Name of publisher Wiley,
Year of publication 2013.
300 ## - PHYSICAL DESCRIPTION
Number of Pages 440 p. :
Other physical details ill.
650 #0 - SUBJECT ADDED ENTRY--TOPICAL TERM
Topical Term Petroleum in submerged lands.
Topical Term Offshore oil well drilling.
Topical Term Continental margins.
700 1# - ADDED ENTRY--PERSONAL NAME
Personal name Grigorenko, Y. N.
856 40 - ELECTRONIC LOCATION AND ACCESS
Uniform Resource Identifier http://site.ebrary.com/lib/rucke/Doc?id=10618653

No items available.

© 2026 Rongo University
Contact us: librarian | system librarian | Rongo university